Combien de fois pouvez vous taper le mot extraordinaire ? - Statistiques

Statistiques générales
  • Ce quiz a été pris 134 fois
  • Le résultat moyen est 37 sur 70
Statistiques - réponses
Réponse % Correct
e
100%
r
89%
t
89%
x
89%
a
86%
o
84%
r
84%
d
82%
i
82%
a
80%
e
80%
i
80%
n
80%
r
80%
a
77%
e
77%
o
77%
r
77%
r
77%
t
77%
x
77%
a
75%
d
75%
i
75%
i
75%
n
75%
r
75%
e
73%
e
68%
x
68%
r
66%
t
66%
a
64%
o
59%
r
55%
d
54%
i
48%
a
43%
e
43%
i
43%
n
43%
r
43%
e
41%
x
41%
a
38%
o
38%
r
38%
r
38%
t
38%
d
36%
i
34%
a
32%
n
32%
i
30%
r
30%
e
29%
e
27%
x
21%
t
20%
a
18%
r
18%
o
16%
r
11%
d
9%
i
9%
a
7%
e
7%
i
7%
n
7%
r
7%
Aucun quiz correspondant
Distribution des résultats
% des personnes avec chaque résultat
Percentile par nombre de réponses
Votre historique - résultats
Vous n’avez pas pris ce quiz